|
|
|
|
| LEADER |
00000nam a2200000 a 4500 |
| 001 |
vtls010271103 |
| 003 |
SK-MaSNL |
| 005 |
20260301084413.0 |
| 008 |
240314s2009 pl a 000 pdpol |
| 015 |
|
|
|a SNBZSA2012-00274
|
| 020 |
|
|
|a 9788374902519
|q (viaz.)
|
| 035 |
|
|
|a C176C6C0-B8DB-4C70-8999-A84623D6973C
|
| 035 |
|
|
|a urn:nbn:sk:snk-amjhkw
|
| 035 |
|
|
|a urn:nbn:sk:snk-am0013in
|
| 040 |
|
|
|a SNK
|b slo
|c SNK
|e AACR2
|
| 041 |
0 |
|
|a pol
|
| 043 |
|
|
|a e-pl---
|
| 044 |
|
|
|a pl
|c PL
|
| 072 |
|
7 |
|a 821.162.1
|x Poľská literatúra
|2 konspekt
|
| 080 |
|
|
|a 821.162.1-1
|2 2008
|
| 100 |
1 |
|
|a Soroczyński, Tadeusz,
|d 1942-
|4 aut
|9 412759
|
| 245 |
1 |
0 |
|a Gram w zielone
|c Tadeusz Soroczyński ; [opracowanie graficzne, rysunki Bogusław Wład]
|
| 250 |
|
|
|a Wyd. 1.
|
| 260 |
|
|
|a Kraków
|b Towarzystwo Słowaków w Polsce
|c 2009
|
| 300 |
|
|
|a 60, [4] s.
|b ilustr.
|c 20 cm
|
| 500 |
|
|
|a 500 výt.
|
| 650 |
0 |
7 |
|a poľská poézia
|2 SNKPH
|9 83028
|
| 655 |
|
7 |
|a poľská poézia
|2 SNKPH
|9 70590
|
| 700 |
1 |
|
|a Wład, Bogusław
|4 ill
|9 412760
|
| 710 |
2 |
|
|a Spolok Slovákov v Poľsku (Krakov, Poľsko)
|4 pbl
|9 151789
|
| 919 |
|
|
|a 978-83-7490-251-9
|
| 958 |
|
|
|a ZS
|
| 958 |
|
|
|a PL
|
| 958 |
|
|
|a LX
|
| 999 |
|
|
|c 663321
|d 665251
|
| 952 |
|
|
|a SNK
|b SNK
|y PREZ
|7 0
|p 17A0701719
|o snkSD 80086
|i snk2011/9711
|8 2
|g 4.81
|0 0
|1 0
|4 0
|d 2011-04-14
|l 0
|r 2025-11-27 00:00:00
|w 2026-02-23
|
| 952 |
|
|
|a SNK
|b SNK
|y VYP
|7 0
|p 17A0701718
|o snkSD 80086 D1
|i snk2011/9712
|8 2
|g 4.81
|0 0
|1 0
|4 0
|d 2011-04-14
|f 1
|l 0
|r 2017-06-30 00:00:00
|w 2026-02-23
|